[Event "RUDAR 1 IM 2022"]
[Site "Pozarevac"]
[Date "2022.03.29"]
[Round "6.4"]
[White "Bura, Goran"]
[Black "Anishka Vikram"]
[Result "1-0"]
[WhiteElo "2185"]
[BlackElo "2000"]
[Annotator "TA"]
[PlyCount "75"]
[EventDate "2022.03.27"]
[EventType "tourn"]
[EventCountry "SRB"]
[SourceTitle "playchess.com"]
[Source "ChessBase"]
[SourceQuality "1"]
[TimeControl "40/5400+30:900+30"]

{[%evp 23,75,17,14,6,12,-20,-18,-16,-31,-36,-33,-61,12,12,14,13,18,16,21,17,23,15,10,12,25,17,103,106,107,106,99,77,140,16,46,46,50,14,56,63,34,45,87,79,81,77,87,35,120,103,29996,29997,29997,29998]} 1. e4 {[%emt 0:00:13]} c5 {[%emt 0:00:03]} 2. Nf3 {[%emt 0:00:06]} d6 {[%emt 0:00:06]} 3. Bb5+ {[%emt 0:00:10]} Nd7 {[%emt 0:00:19]} 4. d4 {[%emt 0:00:41]} cxd4 {[%emt 0:00:09]} 5. Qxd4 {[%emt 0:00:07]} e5 {[%emt 0:04:21]} 6. Qd3 {[%emt 0:00:06]} a6 {[%emt 0:00:37]} 7. Bxd7+ {[%emt 0:00:08]} Bxd7 {[%emt 0:00:21]} 8. c4 {[%emt 0:00:14]} b5 {[%emt 0:00:26]} 9. Nc3 {[%emt 0:00:24]} bxc4 {[%emt 0:13:12]} 10. Qxc4 {[%emt 0:00:09]} Be6 {[%emt 0:05:10]} 11. Qd3 {[%emt 0:00:48]} Nf6 {[%emt 0:03:14]} 12. O-O {[%emt 0:00:44]} h6 {[%emt 0:02:01]} 13. Rd1 {[%emt 0:00:11]} Be7 {[%emt 0:00:34]} 14. Qe2 {[%emt 0:05:51]} Qc7 {[%emt 0:07:35]} 15. h3 {[%emt 0:03:21]} O-O {[%emt 0:00:49]} 16. Nh4 {[%emt 0:06:28]} Rfd8 {[%emt 0:08:39]} 17. Qf3 {[%emt 0:02:13]} d5 {[%emt 0:22:56]} (17... Qd7 $1 $15) 18. exd5 $11 {[%emt 0:00:17]} Nxd5 {[%emt 0:00:19]} (18... Bxd5 {is interesting.} 19. Nxd5 Rxd5 20. Rxd5 e4) 19. Nxd5 {[%emt 0:00:26]} Bxd5 {[%emt 0:00:05]} 20. Rxd5 {[%emt 0:00:07]} Rxd5 {[%emt 0:04:18]} 21. Qxd5 {[%emt 0:00:05]} Rd8 {[%emt 0:00:04]} 22. Qb3 {[%emt 0:03:45]} Bxh4 {[%emt 0:00:13]} 23. Be3 {[%emt 0:00:25]} Rb8 {[%emt 0:03:49]} 24. Qa4 {[%emt 0:02:56]} Bf6 {[%emt 0:01:06]} (24... Bg5 $11) 25. Rc1 $16 {[%emt 0:04:06]} Qb7 {[%emt 0:01:06]} 26. b3 {[%emt 0:00:08]} Rc8 {[%emt 0:01:30]} 27. Rd1 {[%emt 0:00:38]} Rc2 {[%emt 0:08:38]} ({Black should try} 27... Rc6) 28. Qe8+ {[%emt 0:01:02]} (28. Rd6 $16) 28... Kh7 $14 {[%emt 0:00:02]} 29. Rd7 {[%emt 0:00:36]} Rc7 {[%emt 0:01:37]} 30. Rd6 {[%emt 0:01:13]} Be7 {[%emt 0:03:17]} 31. Rb6 {[%emt 0:00:24]} Qd5 $1 {[%emt 0:02:09]} 32. Rxa6 {[%emt 0:04:42]} Bg5 {[%emt 0:04:51]} 33. Qa8 {[%emt 0:03:28]} ({Much worse is} 33. Ra8 $6 Bxe3 34. fxe3 Rc1+ 35. Kh2 Qd1 36. Qxf7 Qg1+ 37. Kg3 Qxe3+ 38. Qf3 Qe1+ 39. Kh2 (39. Kg4 $2 Qb4+ 40. Kg3 Rc3 $19) 39... Qg1+ 40. Kg3 Qe1+ 41. Kh2 (41. Kg4 $2 Qb4+ 42. Kg3 Rc3 $19) 41... Qg1+ 42. Kg3 Qe1+ $11) 33... Qd3 {[%emt 0:01:13]} 34. Bxg5 {[%emt 0:03:50]} hxg5 {[%emt 0:00:07]} 35. Ra4 {[%emt 0:00:04]} (35. Ra7 $16 Rc1+ 36. Kh2) 35... Rc2 {[%emt 0:01:55]} (35... Rc1+ $1 $14 36. Kh2 Rc2) 36. Qf3 $16 {[%emt 0:02:26]} Qd2 $2 {[%emt 0:00:36][%mdl 8192]} (36... Qxf3 $16 37. gxf3 Rb2) 37. Qh5+ {[%emt 0:00:27]} Kg8 {[%emt 0:00:23]} 38. Ra8+ {[%emt 0:00:09]} 1-0

[Event "RUDAR 1 IM 2022"]
[Site "Pozarevac"]
[Date "2022.03.29"]
[Round "6.5"]
[White "Milanovic, Slavisa"]
[Black "Dudukovic, Nikola"]
[Result "1/2-1/2"]
[WhiteElo "2296"]
[BlackElo "2362"]
[Annotator "NA"]
[PlyCount "20"]
[EventDate "2022.03.27"]
[EventType "tourn"]
[EventCountry "SRB"]
[SourceTitle "playchess.com"]
[Source "ChessBase"]
[SourceQuality "1"]
[TimeControl "40/5400+30:900+30"]

1. c4 {[%emt 0:00:13]} Nf6 {[%emt 0:00:06]} 2. Nc3 {[%emt 0:00:06]} g6 {[%emt 0:00:07]} 3. Nf3 {[%emt 0:00:05]} Bg7 {[%emt 0:00:05]} 4. g3 {[%emt 0:00:04]} O-O {[%emt 0:00:08]} 5. Bg2 {[%emt 0:00:03]} c5 {[%emt 0:00:21]} 6. O-O {[%emt 0:00:07]} Nc6 {[%emt 0:00:05]} 7. d4 {[%emt 0:00:05]} cxd4 {[%emt 0:00:06]} 8. Nxd4 {[%emt 0:00:03]} Ng4 {[%emt 0:00:37]} 9. e3 {[%emt 0:00:33]} Nge5 {[%emt 0:00:17]} 10. b3 {[%emt 0:00:07]} Nxd4 {[%emt 0:00:27]} 1/2-1/2

[Event "RUDAR 1 IM 2022"]
[Site "Pozarevac"]
[Date "2022.03.30"]
[Round "7.2"]
[White "Trifunovic, Miroljub"]
[Black "Savitha Shri B"]
[Result "0-1"]
[WhiteElo "2144"]
[BlackElo "2257"]
[Annotator "NA"]
[PlyCount "64"]
[EventDate "2022.03.27"]
[EventType "tourn"]
[EventCountry "SRB"]
[SourceTitle "playchess.com"]
[Source "ChessBase"]
[SourceQuality "1"]
[TimeControl "40/5400+30:900+30"]

1. d4 {[%emt 0:00:29]} Nf6 {[%emt 0:01:29]} 2. Nf3 {[%emt 0:00:29]} g6 {[%emt 0:00:20]} 3. g3 {[%emt 0:00:38]} Bg7 {[%emt 0:00:57]} 4. Bg2 {[%emt 0:00:12]} c5 {[%emt 0:01:52]} 5. c3 {[%emt 0:07:27]} cxd4 {[%emt 0:01:28]} 6. cxd4 {[%emt 0:00:12]} d5 {[%emt 0:00:11]} 7. Nc3 {[%emt 0:00:22]} Nc6 {[%emt 0:01:25]} 8. Ne5 {[%emt 0:03:37]} O-O {[%emt 0:00:52]} 9. O-O {[%emt 0:00:37]} Bf5 {[%emt 0:08:55]} 10. Nxc6 {[%emt 0:15:22]} bxc6 {[%emt 0:00:07]} 11. Bf4 {[%emt 0:02:47]} Qb6 {[%emt 0:05:09]} 12. Na4 {[%emt 0:04:59]} Qb5 {[%emt 0:05:05]} 13. Rc1 {[%emt 0:05:20]} Nd7 {[%emt 0:02:41]} 14. b3 {[%emt 0:03:13]} Rfe8 {[%emt 0:03:04]} 15. Re1 {[%emt 0:08:45]} e5 {[%emt 0:09:13]} 16. dxe5 {[%emt 0:07:14]} Nxe5 {[%emt 0:00:36]} 17. Rc5 {[%emt 0:08:53]} Qa6 {[%emt 0:02:57]} 18. Qc1 {[%emt 0:08:42]} Bd7 {[%emt 0:05:15]} 19. Rc2 {[%emt 0:02:44]} Bf8 {[%emt 0:06:35]} 20. Bxe5 {[%emt 0:05:18]} Rxe5 {[%emt 0:00:09]} 21. e4 {[%emt 0:00:25]} Rae8 {[%emt 0:14:58]} 22. Qd2 {[%emt 0:07:18]} Bf5 {[%emt 0:04:12]} 23. Rec1 {[%emt 0:02:26]} dxe4 {[%emt 0:01:18]} 24. Bf1 {[%emt 0:00:40]} Qb7 {[%emt 0:00:47]} 25. Rxc6 {[%emt 0:00:22]} e3 {[%emt 0:01:23]} 26. fxe3 {[%emt 0:00:40]} Bh6 {[%emt 0:00:49]} 27. R6c3 {[%emt 0:03:02]} Bxe3+ {[%emt 0:01:00]} 28. Rxe3 {[%emt 0:00:07]} Rxe3 {[%emt 0:00:05]} 29. Qa5 {[%emt 0:00:46]} Qe4 {[%emt 0:01:13]} 30. Qxa7 {[%emt 0:01:03]} Qf3 {[%emt 0:02:01]} 31. Qa5 {[%emt 0:01:15]} Be4 {[%emt 0:00:46]} 32. Qd2 {[%emt 0:00:33]} Qh1+ {[%emt 0:19:38]} 0-1

[Event "RUDAR 1 IM 2022"]
[Site "Pozarevac"]
[Date "2022.03.30"]
[Round "7.3"]
[White "Anishka Vikram"]
[Black "Milanovic, Slavisa"]
[Result "0-1"]
[WhiteElo "2000"]
[BlackElo "2296"]
[Annotator "NA"]
[PlyCount "86"]
[EventDate "2022.03.27"]
[EventType "tourn"]
[EventCountry "SRB"]
[SourceTitle "playchess.com"]
[Source "ChessBase"]
[SourceQuality "1"]
[TimeControl "40/5400+30:900+30"]

1. d4 {[%emt 0:00:02]} Nf6 {[%emt 0:00:24]} 2. c4 {[%emt 0:00:05]} e6 {[%emt 0:00:06]} 3. Nc3 {[%emt 0:00:06]} Bb4 {[%emt 0:00:12]} 4. e3 {[%emt 0:00:36]} c5 {[%emt 0:01:49]} 5. Bd3 {[%emt 0:01:22]} O-O {[%emt 0:08:30]} 6. Nf3 {[%emt 0:01:33]} b6 {[%emt 0:05:50]} 7. O-O {[%emt 0:03:24]} Bb7 {[%emt 0:00:08]} 8. Re1 {[%emt 0:11:11]} d5 {[%emt 0:08:04]} 9. a3 {[%emt 0:06:30]} cxd4 {[%emt 0:03:43]} 10. exd4 {[%emt 0:04:59]} Bxc3 {[%emt 0:11:15]} 11. bxc3 {[%emt 0:00:15]} dxc4 {[%emt 0:00:05]} 12. Bxc4 {[%emt 0:00:46]} Qc7 {[%emt 0:00:09]} 13. Ne5 {[%emt 0:29:46]} Nbd7 {[%emt 0:00:17]} 14. Qe2 {[%emt 0:05:54]} Rac8 {[%emt 0:06:31]} 15. Ba2 {[%emt 0:13:58]} Qxc3 {[%emt 0:08:49]} 16. Nxd7 {[%emt 0:06:55]} Nxd7 {[%emt 0:00:37]} 17. Bg5 {[%emt 0:01:20]} Qxd4 {[%emt 0:10:16]} 18. Rad1 {[%emt 0:01:17]} Qa4 {[%emt 0:00:11]} 19. Be7 {[%emt 0:03:30]} Rfe8 {[%emt 0:12:31]} 20. Bxe6 {[%emt 0:02:33]} Rxe7 {[%emt 0:00:06]} 21. Bxd7 {[%emt 0:00:07]} Rxe2 {[%emt 0:00:54]} 22. Bxa4 {[%emt 0:00:07]} Rxe1+ {[%emt 0:00:55]} 23. Rxe1 {[%emt 0:00:01]} g6 {[%emt 0:04:49]} 24. Re8+ {[%emt 0:04:19]} Rxe8 {[%emt 0:00:12]} 25. Bxe8 {[%emt 0:00:02]} Kf8 {[%emt 0:00:07]} 26. Ba4 {[%emt 0:00:15]} Ke7 {[%emt 0:00:38]} 27. f4 {[%emt 0:00:33]} Kd6 {[%emt 0:00:57]} 28. Kf2 {[%emt 0:00:27]} Kc5 {[%emt 0:04:07]} 29. Be8 {[%emt 0:01:36]} f5 {[%emt 0:01:36]} 30. g3 {[%emt 0:00:31]} Bc6 {[%emt 0:01:37]} 31. Bf7 {[%emt 0:00:06]} Bd5 {[%emt 0:00:09]} 32. Be8 {[%emt 0:00:08]} b5 {[%emt 0:03:47]} 33. Ke3 {[%emt 0:00:15]} a5 {[%emt 0:00:15]} 34. Kd2 {[%emt 0:01:03]} b4 {[%emt 0:02:35]} 35. axb4+ {[%emt 0:01:02]} axb4 {[%emt 0:00:14]} 36. h4 {[%emt 0:00:28]} Kd4 {[%emt 0:00:37]} 37. h5 {[%emt 0:00:21]} gxh5 {[%emt 0:01:00]} 38. Bxh5 {[%emt 0:00:14]} b3 {[%emt 0:00:13]} 39. Bd1 {[%emt 0:00:35]} b2 {[%emt 0:00:09]} 40. Bc2 {[%emt 0:00:00]} Be4 {[%emt 0:00:00]} 41. Bxe4 {[%emt 0:01:05]} fxe4 {[%emt 0:00:20]} 42. Kc2 {[%emt 0:00:02]} e3 {[%emt 0:00:10]} 43. Kxb2 {[%emt 0:00:03]} e2 {[%emt 0:00:06]} 0-1

[Event "RUDAR 1 IM 2022"]
[Site "Pozarevac"]
[Date "2022.03.30"]
[Round "7.4"]
[White "Bryakin, Mikhail"]
[Black "Bura, Goran"]
[Result "1/2-1/2"]
[WhiteElo "2481"]
[BlackElo "2185"]
[Annotator "ChessBase"]
[PlyCount "188"]
[EventDate "2022.03.27"]
[EventType "tourn"]
[EventCountry "SRB"]
[SourceTitle "playchess.com"]
[Source "ChessBase"]
[SourceQuality "1"]
[TimeControl "40/5400+30:900+30"]

1. d4 {[%emt 0:00:04]} d6 {[%emt 0:00:18]} 2. Nf3 {[%emt 0:00:12]} g6 {[%emt 0:00:20]} 3. g3 {[%emt 0:00:53]} Nf6 {[%emt 0:00:45]} 4. c4 {[%emt 0:00:19]} Bg7 {[%emt 0:00:25]} 5. Bg2 {[%emt 0:00:10]} O-O {[%emt 0:00:22]} 6. O-O {[%emt 0:00:11]} Nc6 {[%emt 0:01:31]} 7. Nc3 {[%emt 0:00:12]} Bf5 {[%emt 0:00:51]} 8. Re1 {[%emt 0:01:50]} Ne4 {[%emt 0:01:10]} 9. Nh4 {[%emt 0:00:57]} Nxc3 {[%emt 0:01:07]} 10. bxc3 {[%emt 0:00:08]} Bd7 {[%emt 0:00:31]} 11. f4 {[%emt 0:00:56]} Na5 {[%emt 0:05:26]} 12. Qd3 {[%emt 0:03:06]} c5 {[%emt 0:02:55]} 13. Be3 {[%emt 0:21:13]} Rc8 {[%emt 0:07:09]} 14. Rab1 {[%emt 0:09:30]} b6 {[%emt 0:02:26]} 15. d5 {[%emt 0:02:12]} a6 {[%emt 0:02:32]} 16. Bf2 {[%emt 0:05:12]} b5 {[%emt 0:05:57]} 17. cxb5 {[%emt 0:00:24]} Bxb5 {[%emt 0:01:37]} 18. Qc2 {[%emt 0:01:58]} Nc4 {[%emt 0:01:07]} 19. Rbc1 {[%emt 0:00:18]} Qa5 {[%emt 0:04:46]} 20. e4 {[%emt 0:02:15]} Na3 {[%emt 0:02:25]} 21. Qd2 {[%emt 0:02:02]} Nc4 {[%emt 0:00:41]} 22. Qc2 {[%emt 0:00:06]} Rb8 {[%emt 0:05:59]} 23. Nf3 {[%emt 0:02:15]} Na3 {[%emt 0:03:33]} 24. Qd2 {[%emt 0:00:37]} Nc4 {[%emt 0:01:12]} 25. Qc2 {[%emt 0:00:30]} Na3 {[%emt 0:03:58]} 26. Qd2 {[%emt 0:44:49]} Nc4 {[%emt 0:01:13]} 27. Qc2 {[%emt 0:01:07]} Ba4 {[%emt 0:00:35]} 28. Qe2 {[%emt 0:00:26]} Rb2 {[%emt 0:00:08]} 29. Qd3 {[%emt 0:00:32]} Bb5 {[%emt 0:00:48]} 30. a4 {[%emt 0:00:28]} Qxa4 {[%emt 0:01:03]} 31. Qd1 {[%emt 0:00:28]} Qxd1 {[%emt 0:05:43]} 32. Rexd1 {[%emt 0:00:01]} a5 {[%emt 0:00:36]} 33. e5 {[%emt 0:00:19]} a4 {[%emt 0:00:13]} 34. Ne1 {[%emt 0:00:25]} Na5 {[%emt 0:04:57]} 35. Ra1 {[%emt 0:00:27]} Nb3 {[%emt 0:01:59]} 36. Ra3 {[%emt 0:00:01]} dxe5 {[%emt 0:00:53]} 37. c4 {[%emt 0:00:13]} Bxc4 {[%emt 0:02:11]} 38. Rxa4 {[%emt 0:00:02]} Be2 {[%emt 0:00:42]} 39. d6 {[%emt 0:00:30]} exd6 {[%emt 0:03:13]} 40. Rxd6 {[%emt 0:00:00]} exf4 {[%emt 0:00:00]} 41. gxf4 {[%emt 0:01:34]} Nd4 {[%emt 0:10:01]} 42. Ra5 {[%emt 0:06:40]} Nf5 {[%emt 0:04:15]} 43. Rd7 {[%emt 0:01:11]} Bd4 {[%emt 0:00:44]} 44. Bxd4 {[%emt 0:01:17]} cxd4 {[%emt 0:04:29]} 45. Re5 {[%emt 0:04:05]} Rd2 {[%emt 0:03:05]} 46. Bh3 {[%emt 0:02:04]} Nh4 {[%emt 0:00:22]} 47. Ree7 {[%emt 0:00:56]} Bc4 {[%emt 0:03:44]} 48. Re4 {[%emt 0:00:37]} Bb5 {[%emt 0:03:11]} 49. Rdxd4 {[%emt 0:01:53]} Rxd4 {[%emt 0:00:01]} 50. Rxd4 {[%emt 0:00:01]} Re8 {[%emt 0:00:08]} 51. Rd1 {[%emt 0:00:29]} Re3 {[%emt 0:08:42]} 52. Rb1 {[%emt 0:01:31]} Bc6 {[%emt 0:02:06]} 53. Rc1 {[%emt 0:00:18]} Bd5 {[%emt 0:00:36]} 54. Bd7 {[%emt 0:01:03]} Nf3+ {[%emt 0:04:04]} 55. Nxf3 {[%emt 0:00:40]} Rxf3 {[%emt 0:00:15]} 56. f5 {[%emt 0:00:42]} g5 {[%emt 0:00:52]} 57. Rc5 {[%emt 0:00:32]} Be4 {[%emt 0:02:36]} 58. Re5 {[%emt 0:00:01]} Bd3 {[%emt 0:00:21]} 59. Kg2 {[%emt 0:00:39]} Rf4 {[%emt 0:00:26]} 60. Kg3 {[%emt 0:01:09]} Kg7 {[%emt 0:00:23]} 61. Rc5 {[%emt 0:00:43]} h5 {[%emt 0:01:03]} 62. h3 {[%emt 0:00:33]} h4+ {[%emt 0:00:23]} 63. Kh2 {[%emt 0:00:02]} Be4 {[%emt 0:00:28]} 64. Ra5 {[%emt 0:00:27]} Rf2+ {[%emt 0:00:42]} 65. Kg1 {[%emt 0:00:03]} Rf3 {[%emt 0:00:39]} 66. Re5 {[%emt 0:00:20]} Rf4 {[%emt 0:00:07]} 67. Ra5 {[%emt 0:00:19]} Kf6 {[%emt 0:00:10]} 68. Ra6+ {[%emt 0:00:02]} Ke7 {[%emt 0:00:19]} 69. Ra7 {[%emt 0:00:05]} Kd6 {[%emt 0:00:04]} 70. Be8 {[%emt 0:00:16]} f6 {[%emt 0:00:26]} 71. Ra6+ {[%emt 0:00:35]} Ke5 {[%emt 0:00:16]} 72. Bd7 {[%emt 0:00:24]} Bxf5 {[%emt 0:00:54]} 73. Ra5+ {[%emt 0:00:01]} Ke4 {[%emt 0:00:19]} 74. Ra4+ {[%emt 0:01:05]} Ke3 {[%emt 0:00:04]} 75. Ra3+ {[%emt 0:00:03]} Bd3 {[%emt 0:00:38]} 76. Bb5 {[%emt 0:00:28]} Rf1+ {[%emt 0:00:31]} 77. Kg2 {[%emt 0:00:32]} Rf2+ {[%emt 0:00:42]} 78. Kg1 {[%emt 0:00:06]} Rd2 {[%emt 0:00:10]} 79. Bc6 {[%emt 0:00:16]} f5 {[%emt 0:00:31]} 80. Bb5 {[%emt 0:02:00]} Ke4 {[%emt 0:00:59]} 81. Ra4+ {[%emt 0:00:37]} Kf3 {[%emt 0:00:14]} 82. Ra3 {[%emt 0:00:11]} Ke4 {[%emt 0:00:29]} 83. Ra4+ {[%emt 0:00:05]} Ke3 {[%emt 0:00:32]} 84. Ra3 {[%emt 0:00:37]} Ke2 {[%emt 0:00:14]} 85. Bc6 {[%emt 0:01:01]} Rc2 {[%emt 0:01:21]} 86. Bb7 {[%emt 0:00:57]} Rc7 {[%emt 0:01:23]} 87. Bd5 {[%emt 0:00:25]} g4 {[%emt 0:00:33]} 88. hxg4 {[%emt 0:00:20]} fxg4 {[%emt 0:00:09]} 89. Ra4 {[%emt 0:00:21]} Rg7 {[%emt 0:00:28]} 90. Be6 {[%emt 0:00:57]} Kf3 {[%emt 0:00:15]} 91. Ra3 {[%emt 0:00:12]} Ke4 {[%emt 0:00:22]} 92. Ra4+ {[%emt 0:00:01]} Kf3 {[%emt 0:00:25]} 93. Ra3 {[%emt 0:00:01]} Ke2 {[%emt 0:00:44]} 94. Ra4 {[%emt 0:00:06]} Kf3 {[%emt 0:00:41]} 1/2-1/2

[Event "RUDAR 1 IM 2022"]
[Site "Pozarevac"]
[Date "2022.03.31"]
[Round "8.1"]
[White "Acor, Corey"]
[Black "Trifunovic, Miroljub"]
[Result "1-0"]
[WhiteElo "2326"]
[BlackElo "2144"]
[Annotator "NA"]
[PlyCount "59"]
[EventDate "2022.03.27"]
[EventType "tourn"]
[EventCountry "SRB"]
[SourceTitle "playchess.com"]
[Source "ChessBase"]
[SourceQuality "1"]
[TimeControl "40/5400+30:900+30"]

1. e4 {[%emt 0:02:09]} e5 {[%emt 0:02:03]} 2. Nc3 {[%emt 0:00:16]} Nf6 {[%emt 0:02:05]} 3. g3 {[%emt 0:00:21]} d5 {[%emt 0:03:58]} 4. exd5 {[%emt 0:00:40]} Nxd5 {[%emt 0:00:23]} 5. Bg2 {[%emt 0:00:31]} Nxc3 {[%emt 0:04:18]} 6. bxc3 {[%emt 0:00:30]} Bd6 {[%emt 0:01:14]} 7. Nf3 {[%emt 0:01:49]} O-O {[%emt 0:01:58]} 8. O-O {[%emt 0:00:19]} c6 {[%emt 0:02:29]} 9. d4 {[%emt 0:01:23]} exd4 {[%emt 0:21:22]} 10. cxd4 {[%emt 0:00:29]} Nd7 {[%emt 0:11:47]} 11. c4 {[%emt 0:05:09]} Nf6 {[%emt 0:09:59]} 12. Qc2 {[%emt 0:06:52]} Re8 {[%emt 0:05:52]} 13. Bb2 {[%emt 0:02:30]} h6 {[%emt 0:08:50]} 14. Rfe1 {[%emt 0:05:33]} Rxe1+ {[%emt 0:04:17]} 15. Rxe1 {[%emt 0:00:40]} Be6 {[%emt 0:00:32]} 16. Ne5 {[%emt 0:17:11]} Qa5 {[%emt 0:05:22]} 17. Bc3 {[%emt 0:30:23]} Qc7 {[%emt 0:05:09]} 18. f4 {[%emt 0:00:57]} Qc8 {[%emt 0:01:01]} 19. a4 {[%emt 0:04:45]} Rb8 {[%emt 0:01:52]} 20. a5 {[%emt 0:00:24]} Ne8 {[%emt 0:00:50]} 21. Qe2 {[%emt 0:03:43]} Nc7 {[%emt 0:00:58]} 22. Be4 {[%emt 0:00:19]} Bf5 {[%emt 0:01:53]} 23. Qh5 {[%emt 0:01:30]} Bxe4 {[%emt 0:01:05]} 24. Qxf7+ {[%emt 0:02:12]} Kh7 {[%emt 0:00:26]} 25. Rxe4 {[%emt 0:00:18]} Qe8 {[%emt 0:00:16]} 26. Qf5+ {[%emt 0:01:26]} g6 {[%emt 0:00:11]} 27. Qf6 {[%emt 0:00:56]} Be7 {[%emt 0:01:06]} 28. Qxg6+ {[%emt 0:02:00]} Qxg6 {[%emt 0:00:08]} 29. Nxg6 {[%emt 0:00:04]} Bf6 {[%emt 0:00:18]} 30. Ne5 {[%emt 0:00:42]} 1-0

[Event "RUDAR 1 IM 2022"]
[Site "Pozarevac"]
[Date "2022.03.31"]
[Round "8.2"]
[White "Milanovic, Slavisa"]
[Black "Bryakin, Mikhail"]
[Result "1/2-1/2"]
[WhiteElo "2296"]
[BlackElo "2481"]
[Annotator "TA"]
[PlyCount "114"]
[EventDate "2022.03.27"]
[EventType "tourn"]
[EventCountry "SRB"]
[SourceTitle "playchess.com"]
[Source "ChessBase"]
[SourceQuality "1"]

{[%evp 13,114,12,12,2,4,-31,-30,-49,-53,-69,-49,-79,-25,-64,-48,-54,-47,-47,0,-20,0,0,0,-8,110,102,103,-8,-44,-35,-20,-39,-50,-47,-45,-54,-40,-143,-135,-119,-19,-27,-19,-19,-19,-28,-31,-95,-69,-36,-36,-42,0,-112,-106,-115,0,-13,-13,-13,0,0,0,0,0,0,0,0,0,0,0,0,0,0,0,0,0,0,0,0,0,0,0,0,0,0,0,0,0,0,0,0,0,0,229,0,0,0,231,0,0,0,0]} 1. c4 c6 2. Nf3 d5 3. d4 Nf6 4. e3 Bf5 5. Bd3 Bg6 6. Nc3 e6 7. O-O Nbd7 8. Bxg6 {D12: Slav Defence: 3 Nf3 Nf6 4 e3 Bf5.} hxg6 9. Qe2 Ne4 10. Nxe4 {Black has an edge.} dxe4 11. Nd2 {[#]} Bd6 $146 ({Predecessor:} 11... Qh4 12. h3 Nf6 13. f3 exf3 14. Nxf3 Qg3 15. e4 Rxh3 16. e5 Ng4 17. Qe1 Qxe1 18. Rxe1 {0-1 (48) Nikolic,P (2657)-Ivanchuk,V (2787) Kemer 2007}) 12. g3 Nf6 ({Better is} 12... f5 $1 $17) 13. c5 Bc7 14. b4 {[%cal Bb2b4,Bb4b5][%mdl 32]} Qd5 15. b5 Qf5 (15... O-O-O $15) 16. f3 Qh5 {[%cal Oc7g3] White must now prevent ...Bxg3!} 17. Qg2 exf3 18. Nxf3 O-O-O (18... cxb5 $11 19. Rb1 a6) 19. bxc6 $16 bxc6 20. Ne5 (20. Bd2 $16) 20... Bxe5 $11 21. dxe5 {[#]} Ne4 $1 $36 {[%cal Od8d1][%mdl 2048] Black has the initiative.} 22. Rb1 {[#] And now Qb2 would win.} (22. h4 Qxe5) 22... Rd1 $1 {( -> ...Rxf1+)} 23. Rb2 $1 Rxf1+ $1 24. Qxf1 {White wants to mate with Qa6+.} Nxc5 25. Rc2 {[#]} (25. Qxf7 $15 Qd1+ 26. Qf1 Qxf1+ 27. Kxf1) 25... Rd8 $1 $17 26. Bd2 {[#]} (26. Rxc5 $2 Rd1 27. Rxc6+ Kb7 $19) (26. Rd2 Rxd2) 26... Rd5 ({Worse is} 26... Qxe5 27. Qxf7 Qh5 28. Qf1 $15) (26... Kb8 $1 $17 {[%cal Od8d7] Hoping for ...Rd7!} 27. Rb2+ (27. Be1 Qxe5) 27... Nb7) 27. e4 $1 $11 Rd7 ({Don't play} 27... Rxe5 28. Qc1 $16 (28. Bc3 $2 Rxe4 29. a3 Qd5 $19)) 28. Rxc5 Rxd2 {[%csl Gd2][%cal Rh5h2]} 29. Rxc6+ {[%mdl 4096] Endgame KQR-KQR} Kd8 {[%csl Gd2][%cal Rh5h2]} 30. Rd6+ (30. Rc8+ $1 $15 Kxc8 31. Qc1+ Kb7 32. Qxd2) 30... Rxd6 $17 31. exd6 {KQ-KQ} Qc5+ 32. Kh1 $1 f5 (32... f6 $1 $15 {was preferrable.}) 33. exf5 (33. Qf4 $11) 33... gxf5 34. Qa6 Qb6 (34... Qd5+ $1 $17 35. Kg1 Qd4+ 36. Kg2 Kd7) 35. Qa4 $1 $11 g5 36. h4 g4 37. Qd1 Kd7 38. h5 Qe3 (38... Qxd6 $2 39. Qxd6+ Kxd6 40. h6 $18) 39. Qg1 Qe4+ 40. Qg2 {Threatens to win with Qxe4.} Qb1+ (40... Kxd6 $2 41. Qxe4 fxe4 42. h6 $18) 41. Kh2 Qc1 42. Qf2 Kxd6 43. Qxa7 Qd2+ 44. Kg1 Qd1+ 45. Kh2 Qe2+ 46. Kg1 Qe1+ 47. Kg2 Qe4+ 48. Kh2 Qc2+ 49. Kg1 Qb1+ 50. Kg2 Qb2+ 51. Qf2 Qb7+ 52. Kh2 {Strongly threatening Qd4+.} Qf7 53. Qd2+ Kc5 $2 {[#]} (53... Ke5 $11) 54. Qc3+ $2 (54. h6 $1 $18) 54... Kd5 55. Qd2+ Ke4 $2 {[#]} (55... Kc5 $11 {and Black stays safe.}) 56. Qe2+ $2 (56. h6 $1 $18) 56... Kd5 57. Qd2+ Ke5 {Weighted Error Value: White=0.24 (precise) /Black=0.35} 1/2-1/2

[Event "RUDAR 1 IM 2022"]
[Site "Pozarevac"]
[Date "2022.03.31"]
[Round "8.3"]
[White "Savitha Shri B"]
[Black "Dudukovic, Nikola"]
[Result "1/2-1/2"]
[WhiteElo "2257"]
[BlackElo "2362"]
[Annotator "NA"]
[PlyCount "51"]
[EventDate "2022.03.27"]
[EventType "tourn"]
[EventCountry "SRB"]
[SourceTitle "playchess.com"]
[Source "ChessBase"]
[SourceQuality "1"]
[TimeControl "40/5400+30:900+30"]

1. d4 {[%emt 0:01:25]} Nf6 {[%emt 0:00:23]} 2. c4 {[%emt 0:00:18]} e6 {[%emt 0:02:32]} 3. Nc3 {[%emt 0:00:25]} d5 {[%emt 0:00:28]} 4. Nf3 {[%emt 0:00:21]} Be7 {[%emt 0:00:13]} 5. Bg5 {[%emt 0:00:15]} O-O {[%emt 0:00:57]} 6. e3 {[%emt 0:00:11]} Nbd7 {[%emt 0:06:41]} 7. Bd3 {[%emt 0:01:45]} c6 {[%emt 0:02:44]} 8. O-O {[%emt 0:00:07]} h6 {[%emt 0:01:14]} 9. Bh4 {[%emt 0:01:31]} b6 {[%emt 0:04:16]} 10. Rc1 {[%emt 0:10:26]} Bb7 {[%emt 0:00:50]} 11. Re1 {[%emt 0:12:01]} a6 {[%emt 0:07:14]} 12. cxd5 {[%emt 0:04:05]} cxd5 {[%emt 0:01:04]} 13. Bb1 {[%emt 0:01:59]} b5 {[%emt 0:02:55]} 14. Ne5 {[%emt 0:16:43]} g6 {[%emt 0:23:35]} 15. h3 {[%emt 0:19:06]} Re8 {[%emt 0:07:55]} 16. Ne2 {[%emt 0:01:31]} Rc8 {[%emt 0:07:22]} 17. Rxc8 {[%emt 0:01:07]} Qxc8 {[%emt 0:00:05]} 18. Qc1 {[%emt 0:02:36]} Nb6 {[%emt 0:05:45]} 19. Bd3 {[%emt 0:03:52]} g5 {[%emt 0:03:58]} 20. Bg3 {[%emt 0:00:37]} Qxc1 {[%emt 0:00:47]} 21. Rxc1 {[%emt 0:00:26]} Rc8 {[%emt 0:00:07]} 22. Rxc8+ {[%emt 0:01:41]} Bxc8 {[%emt 0:01:59]} 23. b3 {[%emt 0:04:43]} Bb7 {[%emt 0:01:12]} 24. f3 {[%emt 0:02:15]} Nfd7 {[%emt 0:05:22]} 25. Nxd7 {[%emt 0:02:56]} Nxd7 {[%emt 0:00:05]} 26. Bc7 {[%emt 0:00:17]} 1/2-1/2